00404nam a2200157Ia 45000010006000000050017000060080041000230410008000640820017000721000034000892450071001232600009001943000027002036500008002306540008002382423220260414151029.0260414t2007||||xx |||||||||||||| ||spa|| aESP a345.145bG63 aGómez Mendoza, GonzaloeAUT 0aInstituciones en el derecho procesal penal peruano texto impresob c2007 a1285 páginas : ccm. aDER aCDE